| 000 | 00717nam a2200181 i 4500 | ||
|---|---|---|---|
| 001 | 53963 | ||
| 003 | ES-MaACL | ||
| 005 | 20230906162850.0 | ||
| 007 | t| | ||
| 008 | 960709s1897 sp |||| | spa d | ||
| 100 | 1 |
_aFerrán y Clúa, Jaime. _950249 |
|
| 245 | 1 | 0 |
_aInvestigaciones sobre la sueroterapia en la tuberculosis / _cpor J. Ferrán. |
| 260 |
_aBarcelona : _bLaboratorio Microbiológico Municipal, _c1897 ( _fImp. y litografía Blasi) |
||
| 300 |
_a12 p. ; _c22 cm. |
||
| 650 | 1 | 4 |
_aTuberculosis- _xTratamiento. _9151845 |
| 710 | 2 |
_aLaboratorio Microbiológico de Barcelona. _95474 |
|
| 852 |
_aES-MaACL _jT-857-F-6 _z- Enc. en un vol. facticio, conservando la enc. original _z.- Dedicatoria autógrafa del autor |
||
| 999 |
_c53963 _d53963 |
||